| 000 | 00369 a2200157 4500 | ||
|---|---|---|---|
| 001 | 47595 | ||
| 020 | _a9788567100098 | ||
| 040 | _cAnchieta - Aquarius | ||
| 100 | _aZoboli, Giovanna | ||
| 240 | 1 | 0 |
_aÁ noite, a caminho de casa _lpor |
| 245 | 1 | 0 | _aÁ noite, a caminho de casa |
| 300 | _a28p. | ||
| 362 | 0 | _a2013 | |
| 650 | 4 | _aLiteratura infanto-juvenil | |
| 942 | _cBK | ||
| 999 |
_c47595 _d47595 |
||